| 000 | 01460nam a22003135a 4500 | ||
|---|---|---|---|
| 003 | OSt | ||
| 005 | 20170215111213.0 | ||
| 008 | 170213s2011 xx frb 000 0 ara d | ||
| 015 | _a2011 / 14128 | ||
| 020 | _a9789776172012 | ||
| 040 |
_aEG-ScBUE _bara _cEG-ScBUE |
||
| 043 | _af-ua--- | ||
| 082 | 0 | 4 |
_a344.620533 _bش و ض _222 |
| 100 | 1 | _aشوضة، عمرو عبد الله. | |
| 245 | 1 | 2 |
_aالموسوعة الشاملة في جرائم السلاح والمخدرات / _cإعداد عمرو عبد الله شوضة، محمد عبد الله شوضة. |
| 250 | _aط. 1. | ||
| 260 |
_a[د. م. : _bد. ن.]، _c2011. |
||
| 300 |
_a288 ص. ؛ _c24 سم. |
||
| 504 | _aيشتمل على إرجاعات ببليوجرافية. | ||
| 505 | _aقوائم بأدلة الثبوت - مذكرات - نموذج لتحقيق قضايا السلاح والمخدرات - أسئلة التحقيق - قيود وأوصاف التعليمات القضائية والكتابية - أحكام نقض - نماذج لأحكام البراءه - الحدود. | ||
| 650 | 7 |
_aالمخدرات _xقوانين وتشريعات _zمصر _2BUEsh |
|
| 650 | 7 |
_aالأسلحة _xقوانين وتشريعات _zمصر. _2BUEsh |
|
| 650 | 7 |
_aالمخدرات (فقه إسلامي) _2BUEsh |
|
| 650 | 7 |
_aالأسلحة (فقه إسلامي) _2BUEsh |
|
| 651 | _2BUEsh | ||
| 653 |
_bLLAAWW _cFebruary2017 |
||
| 700 | 1 | _aشوضة، محمد عبد الله. | |
| 942 | _2ddc | ||
| 999 |
_c24155 _d24127 |
||